| Поле | Инд. | ПП | Название | Значение |
|---|---|---|---|---|
| Тип записи | a | |||
| Библиографический уровень | m | |||
| 001 | Контрольный номер | 51a16e6d-b02a-11da-b02a-008048b56a28 | ||
| 005 | Дата корректировки | 20260604093017.8 | ||
| 008 | Кодируемые данные | 060310 | ||
| 020 | a | ISBN | 5-93639-032-2 | |
| 040 | a | Служба первич. каталог. | НБ ТвГУ | |
| 041 | 0_ | a | Код языка текста | rus |
| 080 | a | Индекс УДК | 316.334.3:324 | |
| 084 | a | Индекс другой классификации/Индекс ББК | С561.328 | |
| a | Индекс другой классификации/Индекс ББК | С524.224.67 | ||
| 090 | x | Авторский знак | Х19 | |
| a | Полочн. индекс | С561.3 | ||
| 100 | 1_ | a | Автор | Ханов Гай Гаевич |
| 245 | 00 | a | Заглавие | Связи с общественностью в деятельности избирательных комиссий |
| c | Ответственность | Г. Г. Ханов, А. В. Косоруков, О. Ю. Александрова ; Рос.центр обучения избират. технологиям при Центр. избират. комис. Рос. Федерации | ||
| 260 | 1_ | a | Место издания | Москва |
| c | Дата издания | 2002 | ||
| b | Издательство | б. и. | ||
| 300 | a | Объем | 101с. | |
| b | Иллюстрации/ тип воспроизводства | табл., [6] л. ил. | ||
| c | Размеры | 24см. | ||
| 440 | _0 | a | Серия | Современные избирательные технологии |
| 500 | a | Примечание | На. обл. авт. не указаны. | |
| 504 | a | Библиография | Библиогр.: с. 96-99. | |
| 650 | 04 | a | Основная рубрика | Избирательные комиссии |
| x | Основная подрубрика | Имидж | ||
| x | Основная подрубрика | Связи с общественностью | ||
| 650 | 04 | a | Основная рубрика | Выборы |
| x | Основная подрубрика | Общественные акции | ||
| x | Основная подрубрика | Реклама | ||
| x | Основная подрубрика | Социология | ||
| 653 | 0_ | a | Ключевые слова | Выборы |
| a | Ключевые слова | Избирательные комиссии | ||
| a | Ключевые слова | Имидж избирательных комиссий | ||
| a | Ключевые слова | Массовые мероприятия | ||
| a | Ключевые слова | Общественные акции | ||
| a | Ключевые слова | Реклама | ||
| a | Ключевые слова | Связи с общественностью | ||
| a | Ключевые слова | Социология выборов | ||
| 700 | 1_ | a | Другие авторы | Косоруков Алексей Владимирович |
| e | Роль лиц | авт. | ||
| 700 | 1_ | a | Другие авторы | Александрова Ольга Юрьевна |
| e | Роль лиц | авт. | ||
| 700 | 1_ | a | Другие авторы | Веденеев Ю. А. |
| e | Роль лиц | авт. предисл., отв. ред. | ||
| 852 | 41 | i | Расстановочный признак | Проверка 2026 |
| 920 | a | Оператор | Поля | |
| 952 | c | Вид литературы | К рн | |
| 954 | a | Дата поступления на обработку | 20060503 |